书目信息 |
| 题名: |
墨西哥
|
|
| 作者: | ;王路漫 译 ;大宝石出版社 原著 | |
| 分册: | ||
| 出版信息: | 北京 中国旅游出版社 2007 |
|
| 页数: | 515页 | |
| 开本: | 21cm | |
| 丛书名: | 走遍全球 | |
| 单 册: | ||
| 中图分类: | K973.19 | |
| 科图分类: | ||
| 主题词: | 导游--墨西哥 , 导游 | |
| 电子资源: | ||
| ISBN: | 978-7-5032-3152-0 | |
| 000 | 01001oam2 2200301 450 | |
| 001 | 003522300 | |
| 005 | 20140610110401.82 | |
| 010 | @a978-7-5032-3152-0@dCNY74.00 | |
| 100 | @a20070608d2007 em y0chiy0110 ea | |
| 101 | 1 | @achi@cjpn |
| 102 | @aCN@b110000 | |
| 105 | @aab z 000yy | |
| 106 | @ar | |
| 200 | 1 | @a墨西哥@9mo xi ge@dMexico@e'07-'08@f(日)大宝石出版社原著@g王路漫译@zeng |
| 210 | @a北京@c中国旅游出版社@d2007 | |
| 215 | @a515页@c彩图,地图@d21cm | |
| 225 | 2 | @a走遍全球 |
| 305 | @a北京走遍全球文化传播有限公司独家授权出版 | |
| 330 | @a本书介绍了墨西哥国家的概况,重点介绍了墨西哥城及其周边城市、中央高原西北部、墨西哥湾沿岸等著名城市的风光、交通、娱乐活动等旅游方面的信息。 | |
| 461 | 0 | @12001 @a走遍全球 |
| 510 | 1 | @aMexico@zeng |
| 606 | 0 | @a导游@y墨西哥 |
| 606 | 0 | @a导游 |
| 690 | @aK973.19@v4 | |
| 702 | 0 | @a王路漫@9wang lu man@4译 |
| 711 | 02 | @c(日)@a大宝石出版社@9da bao shi chu ban she@4原著 |
| 801 | 0 | @aCN@bNLC@c20070903 |
| 905 | @b846082-84@dK973.19@e259@f3 | |
| 墨西哥=Mexico:'07-'08/(日)大宝石出版社原著/王路漫译.-北京:中国旅游出版社,2007 |
| 515页:彩图,地图;21cm.-(走遍全球) |
| ISBN 978-7-5032-3152-0:CNY74.00 |
| 本书介绍了墨西哥国家的概况,重点介绍了墨西哥城及其周边城市、中央高原西北部、墨西哥湾沿岸等著名城市的风光、交通、娱乐活动等旅游方面的信息。 |
| ● |
| 相关链接 |
|
|
|
|
正题名:墨西哥
索取号:K973.19/259
 
预约/预借
| 序号 | 登录号 | 条形码 | 馆藏地/架位号 | 状态 | 备注 |
| 1 | 846082 | 208460823 | 第二样本阅览室/ [索取号:K973.19/259] | 在馆 | |
| 2 | 846083 | 208460832 | 密集书库-资源管理系/ [索取号:K973.19/259] | 在馆 | |
| 3 | 846084 | 208460841 | 第二借阅区/ [索取号:K973.19/259] | 在馆 |